000 00403nam a2200169Ia 4500
001 17443
003 IN-NITTTR
005 20251114233205.0
008 251113s9999||||xx |||||||||||||| ||eng||
040 _beng
040 _cIN-NITTTR
041 _aeng
082 _a418 G471I
100 _aGleason, H. A.
245 3 _aAn introduction to descriptive linguistics. /
_cGleason, H. A.
942 _2ddc
_cBK
999 _c20077
_d20077